000 00554nam a2200181Ia 4500
005 20260429112239.0
008 260429s9999||||xx |||||||||||||| ||und||
020 _a9788126716067
041 _aHindi
082 _a920.02
_bJOS
100 _aजोशी, प्रभाष
245 0 _aजीने के बहाने /
_cप्रभाष जोशी
250 _a1st rev.
260 _aनई दिल्ली :
_bराजकमल प्रकाशन,
_c2024.
300 _a479 p.; Hb
650 _aHindi Literature
942 _cTB
999 _c53100
_d53100